| 000 | 00823nam a22002297a 4500 | ||
|---|---|---|---|
| 005 | 20170124110251.0 | ||
| 010 | _aB-227599 | ||
| 020 |
_c275.00 _a8179302822 |
||
| 035 | _aB-227599 | ||
| 037 | _bCen Lib/Ret | ||
| 040 |
_aDPL _bEN |
||
| 082 |
_a301 _bANA |
||
| 100 |
_aAnand, Navneet _98609 |
||
| 245 |
_aSociology : _ba concise overview of the subject for the UPSC civil services preliminary examination optional paper / _cby Navneet Anand [and] Shamim Akhtar |
||
| 260 |
_aNew Delhi _bSpectrum Books _c2008 |
||
| 270 |
_bNew Delhi _a116 First Floor, TC Jaina Tower III B4-LSC, A1, Janakpuri _e110058 |
||
| 300 |
_aviii,469p. _c23cm(pbk) |
||
| 650 |
_aSociology _998912 |
||
| 650 |
_aUPSC examination book -- sociology _998913 |
||
| 700 |
_aShamim Akhtar _922619 |
||
| 942 |
_2ddc _cEN _h301 _mANA |
||
| 999 |
_c135864 _d135864 |
||